Thuỷ sản sông Cửu Long qua huyền thoại - truyền thuyết /
Spremljeno u:
| Daljnji autori: | |
|---|---|
| Format: | Sách giấy |
| Jezik: | Vietnamese |
| Izdano: |
H. :
Văn hoá Dân tộc,
2011.
|
| Teme: | |
| Oznake: |
Dodaj oznaku
Bez oznaka, Budi prvi tko označuje ovaj zapis!
|
| Thư viện lưu trữ: | Thư viện Trường Đại học Đà Lạt |
|---|
| LEADER | 00796nam a2200301 4500 | ||
|---|---|---|---|
| 001 | DLU120139730 | ||
| 005 | ##20120815 | ||
| 020 | # | # | |a 9786047000944 |
| 040 | # | # | |a DLU |b vie |
| 041 | # | # | |a vie |
| 044 | # | # | |a vn |
| 082 | # | # | |a 398.209 597 |b Thu |
| 245 | # | # | |a Thuỷ sản sông Cửu Long qua huyền thoại - truyền thuyết / |c Liêm Châu sưu tầm, biên soạn. |
| 260 | # | # | |a H. : |b Văn hoá Dân tộc, |c 2011. |
| 300 | # | # | |a 279 tr. ; |c 21 cm. |
| 650 | # | # | |a Văn học dân gian Việt Nam. |
| 700 | # | # | |a Liêm Châu, |e sưu tầm, biên soạn. |
| 923 | # | # | |a 05/2012 |
| 991 | # | # | |a SH |
| 992 | # | # | |a 11200 |
| 994 | # | # | |a DLU |
| 900 | # | # | |a True |
| 911 | # | # | |a Đào Thị Thu Huyền |
| 925 | # | # | |a G |
| 926 | # | # | |a A |
| 927 | # | # | |a SH |
| 980 | # | # | |a Thư viện Trường Đại học Đà Lạt |


